|
|
|
|
| LEADER |
00756nab a2200181 i 4500 |
| 001 |
misc9208 |
| 005 |
20191106143522.0 |
| 008 |
170607s1914 hu o 0|| hun d |
| 022 |
|
|
|a 0025-0260
|
| 040 |
|
|
|a SZTE Miscellanea Repozitórium
|b hun
|
| 041 |
|
|
|a hun
|
| 100 |
1 |
|
|a Fináczy Ernő
|
| 245 |
1 |
0 |
|a Pedagógiai irodalmunk
|h [elektronikus dokumentum] :
|b a Magyar Pedagógiai Társaság 1914. évi közgyűlésének elnöki megnyitója /
|c Fináczy Ernő
|
| 260 |
|
|
|c 1914
|
| 300 |
|
|
|a 65-76
|
| 490 |
0 |
|
|a Magyar pedagógia : a Magyar Tudományos Akadémia Pedagógiai Bizottságának folyóirata
|v 23
|
| 695 |
|
|
|a Pedagógiai szakirodalom magyar 1914, Pedagógiai irodalom
|
| 856 |
4 |
0 |
|u http://misc.bibl.u-szeged.hu/9208/1/mp_1914_1981_065-076.pdf
|z Dokumentum-elérés
|